Historia de la religión en Mesoamérica y áreas afines (Record no. 10497)

MARC details
000 -CABECERA
campo de control de longitud fija 00900nam a2200241 a 4500
001 - NÚMERO DE CONTROL
campo de control BRL_1689
005 - FECHA Y HORA DE LA ÚLTIMA TRANSACCIÓN
campo de control 20190320211326.0
008 - DATOS DE LONGITUD FIJA--INFORMACIÓN GENERAL
campo de control de longitud fija 280414s1990----mx-ab#####---#000-0#spa-#
020 ## - NÚMERO INTERNACIONAL ESTÁNDAR DEL LIBRO
Número Internacional Estándar del Libro 9683614302
041 ## - CÓDIGO DE LENGUA
Código de lengua del texto/banda sonora o título independiente spa
044 ## - CÓDIGO DEL PAÍS DE LA ENTIDAD EDITORA/PRODUCTORA
Código MARC del país mx
050 #4 - SIGNATURA TOPOGRÁFICA DE LA BIBLIOTECA DEL CONGRESO
Número de clasificación F1219.3.R38
Número de documento/Ítem .C65 1990
111 2# - ENTRADA PRINCIPAL--NOMBRE DE CONGRESO/REUNIÓN
Nombre de congreso/reunión o jurisdicción como elemento de entrada Coloquio de Historia de la Religión en Mesoamérica y Areas Afines
Número del congreso/reunión o número de parte o sección (II
Fecha del congreso/reunión 2-4 septiembre 1986
Sede del congreso/Lugar de la reunión Unidad de Seminarios Ignacio Chávez)
9 (RLIN) 27635
245 10 - MENCIÓN DE TÍTULO
Título Historia de la religión en Mesoamérica y áreas afines
Resto del título II Coloquio
Mención de responsabilidad, etc. Barbro Dahlgren editora.
260 ## - PUBLICACIÓN, DISTRIBUCIÓN, ETC.
Lugar de publicación, distribución, etc. México
Nombre del editor, distribuidor, etc. UNAM, Instituto de Investigaciones Antropológicas
Fecha de publicación, distribución, etc. 1990
300 ## - DESCRIPCIÓN FÍSICA
Extensión 295 p.
Otras características físicas il., mapas
Dimensiones 22 cm.
500 ## - NOTA GENERAL
Nota general Au2168
650 14 - PUNTO DE ACCESO ADICIONAL DE MATERIA--TÉRMINO DE MATERIA
Término de materia o nombre geográfico como elemento de entrada Indígenas de México
Subdivisión de forma Congresos
Subdivisión general Religión
9 (RLIN) 23799
650 14 - PUNTO DE ACCESO ADICIONAL DE MATERIA--TÉRMINO DE MATERIA
Término de materia o nombre geográfico como elemento de entrada Mitología indígena
Subdivisión de forma Congresos
Subdivisión geográfica México
9 (RLIN) 27636
700 1# - PUNTO DE ACCESO ADICIONAL--NOMBRE DE PERSONA
Nombre de persona Dahlgren Jordan, Barbro
9 (RLIN) 23801
902 ## - CATALOGADOR
Iniciales GRL
942 ## - ELEMENTOS DE PUNTO DE ACCESO ADICIONAL (KOHA)
Fuente del sistema de clasificación o colocación Library of Congress Classification
Tipo de ítem Koha Libros
Holdings
Estado de retiro Estado de pérdida Estado dañado No para préstamo Localización permanente Ubicación/localización actual Fecha de adquisición Número de inventario Total de préstamos Signatura topográfica completa Código de barras Fecha visto por última vez Precio válido a partir de Tipo de ítem Koha
El ejemplar forma parte de la colección y puede ser consultado según las políticas vigentes.       Biblioteca Centro de Estudios Ruth D. Lechuga Biblioteca Centro de Estudios Ruth D. Lechuga 28/04/2014 Au2168   F1219.3.R38 .C65 1990 (Au2168) GRL01857 22/03/2019 22/03/2019 Libros